| 000 | 00820nam a22001457a 4500 | ||
|---|---|---|---|
| 999 |
_c523474 _d523474 |
||
| 008 | 230905b ||||| |||| 00| 0 eng d | ||
| 100 |
_aMishra, Shaliesh Kumar and Tiwari, Dheeraj Kumar _943174 |
||
| 245 | _aSweet revolution a boom in honey production | ||
| 260 | _aYojana (Special issue) | ||
| 300 | _a67(8), Aug, 2023: p.59-62 | ||
| 520 | _aSweet revolution is an initiative of the government of India, which is aimed at promoting apiculture, popularly known as ‘beekeeping’, for accelerating th4e production of quality honey and other related products. Beekeeping is a low-investment and highly-skilled enterprise model, in which technology application has emerged as a great enabler for socio-economic growth. – Reproduced | ||
| 773 | _aYojana (Special issue) | ||
| 906 | _aAGRICULTURE | ||
| 942 | _cAR | ||